| 000 | 00548nam a22002057a 4500 | ||
|---|---|---|---|
| 999 |
_c2586 _d2586 |
||
| 003 | AR-CdUCM | ||
| 008 | 190305b ||||| |||| 00| 0 spa d | ||
| 040 |
_aMUNICIPALIDAD PROVINCIAL DEL CUSCO _cBIBLIOTECA MUNICIPAL DEL CUSCO |
||
| 041 | _hfre | ||
| 082 |
_a848.9 / _bC24 |
||
| 100 |
_aCamus, Albert _99136 |
||
| 245 | _aLa caída / | ||
| 260 |
_aMéxico : _bZarco _c1956. |
||
| 300 |
_a102 páginas ; _c19 cm. |
||
| 650 |
_aNovela _95 |
||
| 650 |
_aEscritor Francés _99137 |
||
| 650 |
_aLiteratura _983 |
||
| 942 |
_2ddc _cLIBROS |
||
| 945 | _admma | ||